Історія Туреччини (Запис № 374084)

МАРК-запис
000 -Лідер
fixed length control field 01507nam a22002897a 4500
001 - Контрольний номер
control field 87783
003 - Ідентифікатор контрольного номера
control field UA-OsUOA
005 - Дата та час останнього входження (трансакції)
control field 20260507162806.0
007 - Фіксоване поле фізичного опису
fixed length control field ta
008 - Елементи даних фіксованої довжини – загальна інформація
fixed length control field 20120925b un ||un ao||| 00| 0 ukr dukr d
020 ## - Міжнародний стандартний книжковий номер (ISBN)
Міжнародний стандартний книжковий номер (ISBN) (НП) 5770792256
040 ## - Джерело каталогізації
Агенція оригінальної каталогізації UA-OsUOA
Мова каталогізації ukr
Агенція, яка здійснювала перезапис UA-OsUOA
Агенція, яка здійснювала модифікацію UA-OsUOA
041 ## - Код мови
Код мови тексту/ звукової доріжки чи окремого заголовка (П) ukr
080 ## - Індекс Універсальної десяткової класифікації
Індекс Універсальної десяткової класифікації (УДК) (НП) 94(560)
090 ## - Локальний шифр розміщення
Класифікаційний індекс УДК 94(560)
Авторський знак (НП) К82
100 ## - Основне введення – ім’я особи
Ім’я особи (НП) Кримський А.
9 (RLIN) 22492
110 ## - Наймення організації – загальна інформація
Найменування колективу або юрисдикції як початковий елемент введення Інститут сходознавства ім. А. Кримського Національної академії наук України
9 (RLIN) 25198
245 ## - Відомості про назву
Назва (НП) Історія Туреччини
Дані про відповідальність (НП) вступ. стаття Омеляна Пріцака
260 ## - Публікація, розповсюдження і т.п. (Вихідні дані)
Місце публікації, розповсюдження і т.п. (П) Київ
-- Львів
Ім’я/ наймення видавництва, розповсюджувача і т.п. (П) ОЛІР
Дата публікації, розповсюдження і т.п. (П) 1996
300 ## - Фізичний опис
Обсяг 288 с.
520 ## - Резюме і т.п.
Резюме, реферат, анотація, тощо (НП) У книзі видатного українського сходознавця, академіка Агатангела Кримського (1871-1942), що й нині є значним внеском в сходознавчу історіографію, висвітлено цікаві сторінки історії Османської імперії XV - XVI ст. - доби її блискучого розквіту. В нове видання увійшов як додаток розділ "Європейські джерела ХVI в."
650 #7 - Додаткове предметне введення – тематичний термін
Тематичний термін чи географічна назва, як елемент введення (НП) 94 Історія загалом
Джерело заголовка чи терміна UDC
9 (RLIN) 40
700 1# - Додаткове введення – ім'я особи
Ім’я особи (НП) Пріцак О.
9 (RLIN) 22937
942 ## - Додаткові елементи входу (Коха)
Тип елемента Koha Книги
Source of classification or shelving scheme Universal Decimal Classification
955 ## - Код типу видання за змістом
Код типу видання за змістом (НП) Наукові видання
Фонди
Стан вилучень Стан втрат Джерело класифікації або схеми стелажів Стан уражень Не для кредиту Постійне місце розташування Поточне розміщення Дата придбання Інвентарний номер Усього замовленно Повний номер виклику Штрих-код Дата останнього перегляду Дата останньої перевірки Ціна ефективна від Тип елемента Koha Код колекції Джерело придбання Вартість, звичайна ціна покупки Вартість, ціна заміни
    Universal Decimal Classification     АБ - Абонемент НБ АБ - Абонемент НБ 15/08/2017 154645   94(560) К82 154645 06/02/2022   15/08/2017 Книги Колекція Жулинського М.Г. 32/2017 10.00  
    Universal Decimal Classification     АБ - Абонемент НБ АБ - Абонемент НБ 07/05/2026 169915   94(560) К82 169915 07/05/2026   07/05/2026 Книги Колекція Шевчука Валерія Акт №24/28.04.2026 25.00 25.00
    Universal Decimal Classification     ЧЗ - Читальна зала ЧЗ - Читальна зала 25/09/2012 90559 8 94(560) К82 90559 13/10/2021 22/09/2021 25/09/2012 Книги        
    Universal Decimal Classification     ЧЗ - Читальна зала ЧЗ - Читальна зала 25/09/2012 90560   94(560) К82 90560 27/02/2023   25/09/2012 Книги